000 00319nam a22001337a 4500
020 _a978-81-291-1203-3
082 _a823
_bBON/R
100 _aBOND, RUSKIN
245 _aTHE RUPA BOOK OF EERIE STORIES
260 _aDELHI
_bRUPA PUBLICATIONS
_c2007
300 _a97
650 _aCHILDRENS STORY BOOK
_zINDIA
942 _cBK
999 _c2745
_d2745